Statistics for Cities on the Columbia River Basin with a Map

Click here to take the quiz!

General Stats

  • This quiz has been taken 52 times
  • The average score is 15 of 35

Answers on the Map

Answers color-coded by a green-red scale on the quiz's map according to % correct below.
 

Answer Stats

City% Correct
Portland
98%
Boise
93%
Spokane
88%
Salem
83%
Vancouver
79%
Eugene
74%
Bend
69%
Idaho Falls
69%
Yakima
64%
Missoula
60%
Twin Falls
60%
Pocatello
57%
Kennewick
55%
Astoria
50%
Corvallis
50%
Kelowna
50%
Richland
48%
Lewiston
43%
Jackson
36%
The Dalles
36%
Wenatchee
33%
Longview
31%
Albany
29%
Pendleton
24%
Salmon
21%
La Grande
14%
Revelstoke
14%
Castlegar
12%
Invermere
12%
Nelson
12%
Trail
12%
Cranbrook
10%
Golden
10%
Nakusp
7%
St Helens
7%

Score Distribution

Percentile by Number Answered

Percent of People with Each Score

Your Score History

You have not taken this quiz